000 00994nam a2200217 i 4500
001 159526
003 ES-MaACL
005 20250813015947.0
008 931025s1878 it |||| | ita d
100 1 _aMetastasio, Pietro,
_d1698-1782
_980719
245 1 0 _aDrammi scelti /
_cPietro Metastasio ; [prefacio de Francesco Costéro].
250 _a[ed. stereotipa].
260 _aMilano :
_bEdoardo Sonzogno,
_c1878.
300 _a2 v. (355 ; 354 p.) ;
_c19 cm.
490 1 _aBiblioteca Clasica Económica ;
_v51 ;53
505 8 _aContiene : vol. 1. Didonea abbadonata ; Siroe ; Catone in Utica ; La clemenza di Tito ; Achile in Sciro ; Temistocle ; Attilio regolo -- vol. 2. Artaserse ; Demetrio ; Olimpiade ; Demofonte ; Ciro Reconosciuto ; Zenobia ; Antigono
700 1 _aCostèro, Francesco,
_d1818-1881
_941149
830 0 _aBiblioteca Clasica Económica ;
_v51 ;53
_9221947
852 _aES-MaACL
_jF-10602
_z-- Enc. hol.
_z-- Enc. 2 t. en 1 v.
999 _c159526
_d159526